| 000 | 00952nac a22001811u 4500 | ||
|---|---|---|---|
| 008 | 101220s xxu||||| |||| 00| 0 ara d | ||
| 082 |
_a621.3 _bج ر ا |
||
| 100 | 1 |
_aجراف ، هايتز _917375 |
|
| 245 |
_aأساسيات الهندسة الكهربائية. ج1 / _cهايتز جراف ؛ ترجمة إدوار يوسف قاضى ، أمين قاسم سليم |
||
| 260 |
_aالقاهرة : _bمؤسسة الأهرام ، _c[د . ت]. |
||
| 300 |
_a240 ص : _bايض ؛ _c18 سم. |
||
| 490 | 0 |
_917331 _aالأسس التكنولوجية ؛ _n16 |
|
| 650 |
_aالهندسة الكهربائية _917292 |
||
| 700 | 1 |
_aقاضى ، إدوار يوسف _921588 _eترجمة |
|
| 700 | 1 |
_aسليم ، أمين قاسم _921589 _eترجمة |
|
| 942 |
_cBB _k621.3 ج ر ا _2ddc |
||
| 999 |
_c6331 _d6331 |
||